El estado social: naturaleza jurídica y estructura de los derechos sociales (Record no. 150270)

MARC details
000 -LEADER
fixed length control field nam a22 7a 4500
005 - DATE AND TIME OF LATEST TRANSACTION
control field 20190809155404.0
008 - FIXED-LENGTH DATA ELEMENTS--GENERAL INFORMATION
fixed length control field 190809b sp ||||| |||| 00| 0 spa d
020 ## - INTERNATIONAL STANDARD BOOK NUMBER
International Standard Book Number 8447017397
050 04 - LIBRARY OF CONGRESS CALL NUMBER
Classification number K3240
Item number G66 2002
100 1# - MAIN ENTRY--PERSONAL NAME
Personal name González Moreno, Beatriz,
Relator term autor
245 13 - TITLE STATEMENT
Title El estado social: naturaleza jurídica y estructura de los derechos sociales
Statement of responsibility, etc / Beatriz González Moreno.
250 ## - EDITION STATEMENT
Edition statement 1a ed.
260 ## - PUBLICATION, DISTRIBUTION, ETC. (IMPRINT)
Place of publication, distribution, etc Madrid :
Name of publisher, distributor, etc Universidade de Vigo :
-- Civitas,
Date of publication, distribution, etc c2002
300 ## - PHYSICAL DESCRIPTION
Extent 263 p. ;
Dimensions 20 cm
504 ## - BIBLIOGRAPHY, ETC. NOTE
Bibliography, etc Bibliografía : p. 237-263
650 #7 - SUBJECT ADDED ENTRY--TOPICAL TERM
Source of heading or term lemb
Topical term or geographic name as entry element Derecho social
Geographic subdivision España
650 #7 - SUBJECT ADDED ENTRY--TOPICAL TERM
Source of heading or term lemb
Topical term or geographic name as entry element Estado de derecho
Geographic subdivision España
942 ## - ADDED ENTRY ELEMENTS (KOHA)
Source of classification or shelving scheme Biblioteca del Cogreso de los Estados Unidos
Koha item type Libro
Holdings
Estado de pérdida Fuente de clasificación Estado del daño No para préstamo Ubicación permanente Ubicación actual Apartado o colección Fecha de adquisición Edición Dependencia de educación superior (DES) Área del conocimiento Clasificación Código de Barras Date last seen Número de copia Costo por reposición Tipo de recurso
  Biblioteca del Cogreso de los Estados Unidos     Biblioteca del Posgrado en Derecho Biblioteca del Posgrado en Derecho General 09/08/2019 1a ed. Derecho Ciencias Sociales y Administrativas K3240 G66 2002 BPD000000726 09/08/2019 1 1.00 Libro